000 00556nam a2200193Ia 4500
005 20250326140445.0
008 250326s9999 xx 000 0 und d
020 _a0 521 25308 X
037 _aTextbook
040 _aFMSL
_beng
_cFMSL
041 _aeng
_2eng
084 _aSNI:f M6
_qFMSL
100 _aWinterfeldt D V
_985643
245 0 _aDecision analysis and behavioral research
_cWinterfeldt D V; Edwards W
260 _aNew York
_bNew York, Cambridge
_c1986
300 _a603p
942 _cTB
_hSNI:f M6
999 _c1285894
_d1285894